Регионална библиотека "Любен Каравелов" - Русе

Маната (балсарата) и предпазвание лозята от нея (Запис номер 412753)

MARC детайли
000 -Лидер
Контролно поле с фиксирана дължина 01814nam a2200361 c 4500
003 - Код на организацията, давaща контролен номер
Контролно поле BLK
005 - Дата и час на последна редакция
Контролно поле 20210507084201.0
008 - Елементи от данни с фиксирана дължина
fixed length control field 180409b bul|||||r ||||||| ||bul||
040 ## - Източник на каталожния запис
Идентификатор на билиотеката - собственик на записа BLK
041 ## - Код за език
Код за езика на текст/звукозапис или на отделно заглавие Български
Код за езика КДБФ Български
080 ## - УДК
Текстов определител УДК Лозарство. Лози
УДК код - определител по УДК 634.8
УДК определител :632.1
УДК - код + определител 634.8:632.1
080 ## - УДК
Текстов определител УДК Непаразитни болести и болести, причинени от различни природни явления(студ, суша, градушка и др. )
УДК код - определител по УДК 632.1
УДК - код + определител 632.1
139 ## - Редно поле
Редна дума Маната (балсарата) и предпазвание лозята от нея
245 10 - Сведения за заглавието
Заглавие Маната (балсарата) и предпазвание лозята от нея
257 ## - Страна на издаване
Страна на създаване/издаване България
260 ## - Област на издателските данни
Име на издателя, разпространителя и проч. М-во на търговията и земледелието
Година на издаване 1898
9 (RLIN) 217625
Място на издаване, разпространение и проч. София
300 ## - Физическа характеристика
Страници 10 с.
Размери/Мащаб 23 см
Илюстрации и др. с ил.
380 ## - Жанр
Жанр Селско стопанство
490 ## - СЕРИИ (Колекции)
Име на серия Колекция Редки и ценни издания
9 (RLIN) 435080
650 #4 - Допълнително описание по предмет – тема
Основно описание – тема или топоним Лоза - болести и вредители
9 (RLIN) 268344
650 #4 - Допълнително описание по предмет – тема
Основно описание – тема или топоним Растителна защита - от вредители и болести
9 (RLIN) 242375
653 ## - Ключова дума – ненормативна
Ключова дума лозарство
653 ## - Ключова дума – ненормативна
Ключова дума растителна защита
653 ## - Ключова дума – ненормативна
Ключова дума болести по растенията
852 ## - Местоположение
Форматна сигнатура Рб 898
Фондова буква Редки и ценни
856 4# - Електронен адрес и достъп
Електронен формат pdf - файл
856 4# - Електронен адрес и достъп
Електронен формат pdf - файл
999 ## - СИСТЕМНИ КОНТРОЛНИ НОМЕРА
Koha biblionumber 412753
Koha biblioitemnumber 412753
942 ## - АРТИКУЛИ
Вид на библиотечния материал Книги
Скрит в OPAC Не
Периодичен библиозапис Да
944 ## - СЪЗДАВАНЕ И РЕДАКЦИЯ на ЗАПИСА
Създаване/Редакция Създаване
Дата на регистрацията/редакция 2021-05-07
Служител, извършил регистрацията/редакцията НР
Наличности
Код за отписване Код за изгубен артикул Източник на класификационната схема Код за повреда Коз за рестрикции Код за отдаване Артикулен № Име на библиотеката - собственик Име на библиотеката, в която се намира в момента Статус (Текущо местоположение) Дата на вписване в системата Местоположение - отдел Цена в лева Инвентарен номер Систематично азбучна сигнатура Баркод Цена в евро Служебен тип на артикула
  Не е изгубен Universal Decimal Classification Не е повреден само за читалня Специални фондове ( старопечатни, редки и ценни, фонд М. Арнаудов) 853175 Регионална библиотека "Любен Каравелов" Русе Регионална библиотека "Любен Каравелов" Русе Редки и ценни 2021-09-20 Редки и ценни 0.03 34559 Рб 898 900000059689 0.02 Книги
Vip Innovations Ltd, Rousse, Bulgaria 2025